[Event "17th Africa-ch"]
[Site "Lagos NGR"]
[Date "2022.09.19"]
[Round "2"]
[White "Paiva, Donaldo"]
[Black "Phiri, Richmond"]
[Result "1/2-1/2"]
[WhiteElo "2207"]
[BlackElo "2351"]
[EventDate "2022.09.18"]
[PlyCount "67"]

1.d4 Nf6 2.c4 g6 3.g3 Bg7 4.Bg2 d5 5.cxd5 Nxd5 6.Nf3 O-O 7.O-O Nc6 8.e4 
Nb6 9.d5 Na5 10.Nc3 c6 11.Re1 Nac4 12.Qe2 Bg4 13.dxc6 bxc6 14.h3 Be6 15.
Ng5 Bd7 16.Qc2 h6 17.Nf3 Qc8 18.Kh2 Qa6 19.Nd2 Be6 20.Nb3 Na4 21.f4 Rad8 
22.Bf1 Nxc3 23.bxc3 Qa4 24.e5 Na5 25.Be3 Rd7 26.Qf2 Nxb3 27.axb3 Qxb3 28.
Bd4 Rb8 29.Bxa7 Qb2 30.Qxb2 Rxb2+ 31.Kg1 Rdd2 32.Reb1 Rbc2 33.Rc1 Rb2 34.
Rcb1 1/2-1/2

[Event "17th Africa-ch"]
[Site "Lagos NGR"]
[Date "2022.09.19"]
[Round "2"]
[White "Silva, David"]
[Black "Okeke, Isaac Chukwudalu"]
[Result "1-0"]
[WhiteElo "2315"]
[BlackElo "2180"]
[EventDate "2022.09.18"]
[PlyCount "89"]

1.e4 c5 2.Nf3 d6 3.d4 cxd4 4.Nxd4 Nf6 5.Nc3 a6 6.h3 e6 7.g4 Be7 8.g5 Nfd7 
9.Be3 Bxg5 10.Nxe6 fxe6 11.Qh5+ g6 12.Qxg5 Qxg5 13.Bxg5 Ne5 14.O-O-O Nf7 
15.Be3 Bd7 16.h4 Ke7 17.Be2 Bc6 18.Rhg1 Nd7 19.Bd3 Nc5 20.f4 Nxd3+ 21.cxd3
Rac8 22.Kb1 b5 23.a3 Rhg8 24.Rg3 a5 25.b4 axb4 26.axb4 h5 27.Rdg1 Nh6 28.
Rxg6 Rxg6 29.Rxg6 Be8 30.Rxh6 Rxc3 31.f5 exf5 32.Bg5+ Kd7 33.exf5 Rxd3 34.
Re6 Rd5 35.Re7+ Kc6 36.Rxe8 Rxf5 37.Rh8 Kd5 38.Rxh5 Kc4 39.Rh6 d5 40.Kc2 
Kxb4 41.Rc6 Ka5 42.Bd2+ b4 43.Rc8 Rf2 44.Rc5+ Ka4 45.Rxd5 1-0

[Event "17th Africa-ch"]
[Site "Lagos NGR"]
[Date "2022.09.19"]
[Round "2"]
[White "Kigigha, Bomo Lovet"]
[Black "Beukes, Dante M."]
[Result "1/2-1/2"]
[WhiteElo "2196"]
[BlackElo "2295"]
[EventDate "2022.09.18"]
[PlyCount "184"]

1.c4 Nf6 2.g3 g6 3.Bg2 Bg7 4.Nc3 O-O 5.e3 e5 6.Nge2 d6 7.d4 Nc6 8.d5 Nb8 
9.h3 Ne8 10.e4 f5 11.exf5 gxf5 12.f4 Na6 13.Be3 Qe7 14.Qd2 Nc5 15.fxe5 
dxe5 16.O-O a5 17.Rad1 Na6 18.Nc1 Rf6 19.Nd3 Rg6 20.Rde1 Nd6 21.b3 Qd8 22.
Kh2 Nb4 23.Nc5 e4 24.a3 Na6 25.Nxa6 Rxa6 26.c5 Nf7 27.Ne2 Be5 28.Nf4 Rg7 
29.Bd4 Qg5 30.Re3 Rh6 31.Qc3 Qe7 32.d6 cxd6 33.cxd6 Qe8 34.Nd5 Bxd4 35.
Qxd4 Ne5 36.Nc7 Rxc7 37.dxc7 Ng4+ 38.Kh1 Nxe3 39.Qxe3 Rd6 40.Qc5 Qc6 41.
Qxa5 Rd5 42.Qb4 Qc5 43.Qa4 Kg7 44.g4 Qxc7 45.gxf5 Rxf5 46.Qxe4 Rxf1+ 47.
Bxf1 Qf7 48.Bc4 Qf6 49.Bd3 Kf8 50.Kg2 Bd7 51.Qxh7 Bc6+ 52.Kg1 Qa1+ 53.Kf2 
Qd4+ 54.Kf1 Qa1+ 55.Ke2 Qe5+ 56.Kd2 Qb2+ 57.Bc2 Qxa3 58.Qh6+ Ke7 59.Qg7+ 
Kd8 60.Qd4+ Kc7 61.h4 Qa5+ 62.Kc1 Qh5 63.Qf4+ Kb6 64.Bd1 Qh8 65.h5 Qa1+ 
66.Kd2 Qa5+ 67.b4 Qa2+ 68.Ke1 Qe6+ 69.Kf2 Qd5 70.Be2 Qg2+ 71.Ke1 Qh1+ 72.
Kd2 Qd5+ 73.Kc3 Qa2 74.Qe3+ Kc7 75.Qe7+ Bd7 76.Qe5+ Kc8 77.Qc5+ Kb8 78.
Qf8+ Kc7 79.Qf4+ Kd8 80.Qd2 Qa1+ 81.Kd3 Qe5 82.h6 Bf5+ 83.Kc4+ Kc7 84.Kb3 
Be6+ 85.Kc2 Bf5+ 86.Kb3 Be6+ 87.Kc2 Bf5+ 88.Kd1 Qe4 89.Qc3+ Kb8 90.Bf3 Qf4
91.Ke2 Qh2+ 92.Kd1 Qf4 1/2-1/2

[Event "17th Africa-ch"]
[Site "Lagos NGR"]
[Date "2022.09.19"]
[Round "2"]
[White "Adebayo, Adegboyega Joel"]
[Black "Okemakinde, Toluwanimi"]
[Result "1/2-1/2"]
[WhiteElo "2267"]
[BlackElo "2083"]
[EventDate "2022.09.18"]
[PlyCount "185"]

1.d4 Nf6 2.Bf4 d5 3.e3 c5 4.c3 Nc6 5.Nd2 Bf5 6.Qb3 Qb6 7.dxc5 Qxb3 8.axb3 
e5 9.Bg3 Bxc5 10.Ngf3 Nd7 11.b4 Bd6 12.Nd4 Nxd4 13.exd4 Ke7 14.dxe5 Bxe5 
15.Nf3 Bxg3 16.hxg3 Nf6 17.Nd4 Be4 18.f3 Bg6 19.Kd2 Rhd8 20.g4 h5 21.g5 
Ne8 22.Re1+ Kd7 23.Bb5+ Kc7 24.Re5 Nd6 25.Rxd5 Nf5 26.Rxd8 Rxd8 27.Be2 Kb6
28.Rd1 Nxd4 29.cxd4 Rxd4+ 30.Kc3 Rxd1 31.Bxd1 Bf5 32.Bb3 f6 33.gxf6 gxf6 
34.g3 Bg6 35.Bd5 Be8 36.f4 Bg6 37.Bf3 Be8 38.Be2 Kc6 39.Kd4 Kd6 40.Bf3 b6 
41.Ke3 Ke6 42.Be4 Kf7 43.Bf5 Bc6 44.Bd3 Bd7 45.Kd4 Be6 46.Be4 Ke7 47.Bf3 
Bf7 48.Ke3 Bg6 49.Bd1 Kd6 50.Kd4 Kc6 51.Be2 Kd6 52.Bc4 Kc6 53.Bd5+ Kd6 54.
Bb7 Bf5 55.Kc4 Bg6 56.Bd5 Bd3+ 57.Kd4 Bg6 58.Bg8 Kc6 59.Kc4 Kd6 60.Kc3 Kc6
61.Bc4 Kd6 62.Kd2 Ke7 63.Ke2 Kd6 64.Kf2 Kc6 65.Ke3 Kd6 66.Kd4 Kc6 67.Be6 
Kd6 68.Bh3 Kc6 69.Bg2+ Kd6 70.b5 Be8 71.Bf1 Bg6 72.Bc4 Be8 73.b3 Bg6 74.
Bf1 Bf7 75.Be2 Bg6 76.b4 Ke6 77.Bf3 Kd6 78.Bc6 Ke6 79.Bd5+ Kd6 80.Bc4 Ke7 
81.Be2 Kd6 82.Bf1 Ke6 83.Bh3+ Kd6 84.f5 Bf7 85.Bf1 Be8 86.Bc4 Bd7 87.Ke4 
Be8 88.Kf4 Bd7 89.Ke4 Be8 90.Be2 Bd7 91.Bc4 Be8 92.Kf4 Bd7 93.Ke4 1/2-1/2

[Event "17th Africa-ch"]
[Site "Lagos NGR"]
[Date "2022.09.19"]
[Round "2"]
[White "Mulenga, Prince Daniel"]
[Black "Lungu, Nase"]
[Result "1/2-1/2"]
[WhiteElo "2171"]
[BlackElo "2261"]
[EventDate "2022.09.18"]
[PlyCount "61"]

1.e4 e5 2.Nf3 Nc6 3.Bc4 Nf6 4.d3 Bc5 5.c3 a6 6.O-O d6 7.Bb3 O-O 8.Re1 Be6 
9.Bc2 d5 10.Qe2 dxe4 11.dxe4 Ng4 12.Rf1 b5 13.Bb3 Bxb3 14.axb3 Qd6 15.h3 
Nf6 16.b4 Bb6 17.Be3 Bxe3 18.Qxe3 a5 19.bxa5 Nxa5 20.Nbd2 Nb7 21.b4 Nd7 
22.Qe2 c6 23.c4 Qxb4 24.Rab1 Qe7 25.cxb5 cxb5 26.Qxb5 Nbc5 27.Rfc1 Rab8 
28.Qc4 Qe6 29.Qxe6 Nxe6 30.g3 f6 31.Kg2 1/2-1/2

[Event "17th Africa-ch"]
[Site "Lagos NGR"]
[Date "2022.09.19"]
[Round "2"]
[White "Gong, Thon Gong"]
[Black "Oragwu, Chukwunonso"]
[Result "1-0"]
[WhiteElo "2166"]
[BlackElo "2248"]
[EventDate "2022.09.18"]
[PlyCount "127"]

1.e4 d5 2.exd5 Qxd5 3.Nc3 Qd8 4.d4 Nf6 5.Bf4 a6 6.Nf3 b5 7.Bd3 Bb7 8.Qe2 
e6 9.O-O-O Bb4 10.Bxb5+ c6 11.Bc4 Bxc3 12.bxc3 O-O 13.Bb3 a5 14.a4 Nd5 15.
Bd2 Qe7 16.c4 Qa3+ 17.Kb1 Ba6 18.Qd3 Nd7 19.Bc1 Qb4 20.Bb2 N7b6 21.Ne5 
Nxa4 22.Bxa4 Qxa4 23.Qb3 Rfb8 24.Qxa4 Nc3+ 25.Kc1 Nxa4 26.Ba3 Nc3 27.Rde1 
Rc8 28.Kd2 Na4 29.c5 f6 30.Nd3 Kf7 31.Re4 Bc4 32.Ra1 Rcb8 33.Bc1 Bxd3 34.
Kxd3 Nb2+ 35.Kc3 Nd1+ 36.Kd2 Nb2 37.Ra2 Nc4+ 38.Kc3 Rb4 39.Rxa5 Nxa5 40.
Kxb4 Nb7 41.Bb2 Rb8 42.Kc3 Nd8 43.Re1 Ra8 44.Kc4 Ke7 45.f4 f5 46.Re3 Ra4+ 
47.Kb3 Ra7 48.c4 Rd7 49.Bc3 Nf7 50.Kc2 Nh6 51.Re1 Ng4 52.h3 Nf6 53.Ra1 Rb7
54.Ra6 Rc7 55.Ba5 Rc8 56.Ra7+ Nd7 57.Bc7 h6 58.h4 g6 59.Kc3 Ke8 60.Bd6 Kd8
61.Kb4 Ke8 62.Ka5 Kd8 63.Ka6 Ke8 64.Kb7 1-0

[Event "17th Africa-ch"]
[Site "Lagos NGR"]
[Date "2022.09.19"]
[Round "2"]
[White "Olape, Bunmi"]
[Black "Abdulraheem, Abdulrahman Akintoye"]
[Result "1/2-1/2"]
[WhiteElo "2250"]
[BlackElo "2277"]
[EventDate "2022.09.18"]
[PlyCount "63"]

1.e4 c5 2.Nf3 a6 3.d4 cxd4 4.Nxd4 Nf6 5.Nc3 e5 6.Nf3 Bb4 7.Nxe5 O-O 8.Qd4 
Bxc3+ 9.bxc3 d6 10.Nc4 Nxe4 11.Be3 Re8 12.Bd3 Nc6 13.Qb6 Qf6 14.O-O d5 15.
Bxe4 Rxe4 16.Nd2 Re8 17.Rfe1 Qg6 18.Bf4 Bh3 19.Bg3 Qxc2 20.Nf3 Qxc3 21.
Rec1 Qf6 22.Qxb7 Ne7 23.Rab1 Ng6 24.Qxd5 Be6 25.Qa5 Nf4 26.Qd2 Nd5 27.Nd4 
h6 28.h3 Rad8 29.Nc6 Nc3 30.Nxd8 Nxb1 31.Rxb1 Rxd8 32.Qa5 1/2-1/2

[Event "17th Africa-ch"]
[Site "Lagos NGR"]
[Date "2022.09.19"]
[Round "2"]
[White "Eyetonghan, Denyefa Callistus"]
[Black "Adu, Oladapo"]
[Result "1/2-1/2"]
[WhiteElo "2079"]
[BlackElo "2026"]
[EventDate "2022.09.18"]
[PlyCount "162"]

1.d4 d5 2.c4 e6 3.Nc3 a6 4.cxd5 exd5 5.Qb3 c6 6.e4 dxe4 7.Bc4 Qe7 8.a4 Nf6
9.Bg5 h6 10.Bxf6 gxf6 11.Kf1 f5 12.Nge2 Bg7 13.a5 O-O 14.h4 Nd7 15.Nf4 Kh7
16.Rd1 Nf6 17.Rh3 Qc7 18.Nce2 Rb8 19.Rg3 b5 20.axb6 Rxb6 21.Qa3 Re8 22.Rc1
Bf8 23.Qe3 Bd6 24.Rc2 Ng4 25.Qc1 Qe7 26.Rh3 Bd7 27.Kg1 Nf6 28.Rb3 Reb8 29.
Rxb6 Rxb6 30.g3 a5 31.Qa1 Bb4 32.Qa2 Kg7 33.Qa1 Rb8 34.b3 Kh7 35.Kg2 Rg8 
36.Qb2 Rg7 37.Qc1 Bd6 38.Rc3 Bb4 39.Rc2 Ba3 40.Qe1 Bb4 41.Qc1 Qd6 42.Kg1 
Be8 43.Kg2 c5 44.d5 Qe5 45.Ra2 Bd7 46.Kg1 Rg8 47.Kg2 Rd8 48.Qa1 Qxa1 49.
Rxa1 Be8 50.Kf1 Rd6 51.Ng2 Kg7 52.Ne3 Bd7 53.Nf4 Kf8 54.Be2 Rb6 55.Ra2 Bc3
56.Bc4 Ne8 57.Ke2 Nd6 58.Nfg2 Ke7 59.Kd1 a4 60.bxa4 Nxc4 61.Nxc4 Rb4 62.
Nge3 Bxa4+ 63.Rxa4 Rxa4 64.Nxf5+ Kf6 65.Nfd6 Kg6 66.g4 Bd4 67.Nd2 Bxf2 68.
h5+ Kg7 69.N2xe4 Be3 70.Ke2 Bg5 71.Nf5+ Kh7 72.Nxg5+ hxg5 73.d6 Ra3 74.Kd2
c4 75.Kc2 Rd3 76.Kb2 f6 77.Kc2 Kg8 78.Kb2 Kf7 79.Kc2 Ke6 80.h6 Rh3 81.Kb2 
Ke5 1/2-1/2

[Event "17th Africa-ch"]
[Site "Lagos NGR"]
[Date "2022.09.19"]
[Round "2"]
[White "Apollos, Akomaka"]
[Black "Solomon, Kenny"]
[Result "0-1"]
[WhiteElo "1909"]
[BlackElo "2356"]
[EventDate "2022.09.18"]
[PlyCount "40"]

1.e4 c5 2.c3 Nf6 3.e5 Nd5 4.d4 cxd4 5.cxd4 d6 6.Bb5+ Nc6 7.Ne2 a6 8.Bxc6+ 
bxc6 9.O-O g6 10.exd6 Qxd6 11.Nbc3 Bg7 12.Ne4 Qc7 13.Bg5 h6 14.Bd2 O-O 15.
Qc1 Kh7 16.Nc5 Bg4 17.f3 Bc8 18.Qc4 e5 19.dxe5 Qxe5 20.Nc3 Qd4+ 0-1

[Event "17th Africa-ch"]
[Site "Lagos NGR"]
[Date "2022.09.19"]
[Round "2"]
[White "Ajibola, Olanrewaju"]
[Black "Saah, Thomas"]
[Result "1-0"]
[WhiteElo "2285"]
[BlackElo "1886"]
[EventDate "2022.09.18"]
[PlyCount "55"]

1.d4 e6 2.Nf3 Nf6 3.Nbd2 d5 4.e3 b6 5.Ne5 Bb7 6.Bd3 Bd6 7.f4 c5 8.b3 a6 9.
O-O b5 10.dxc5 Bxc5 11.Qf3 Qb6 12.Re1 Nc6 13.a3 h5 14.b4 Bd4 15.exd4 Qxd4+
16.Qe3 Qxa1 17.Nb3 Qc3 18.Bd2 d4 19.Qg3 Qb2 20.Qxg7 Nxe5 21.fxe5 Rg8 22.
Qxf6 Rxg2+ 23.Kf1 Rxh2 24.Bg5 Rh1+ 25.Ke2 Rxe1+ 26.Kxe1 Qc3+ 27.Kf2 Kd7 
28.Qe7+ 1-0

[Event "17th Africa-ch"]
[Site "Lagos NGR"]
[Date "2022.09.19"]
[Round "2"]
[White "Lesbros, Bernard"]
[Black "Rehan, Deng Cypriano"]
[Result "0-1"]
[WhiteElo "1884"]
[BlackElo "2145"]
[EventDate "2022.09.18"]
[PlyCount "72"]

1.Nf3 d5 2.c4 c6 3.d4 Nf6 4.Qc2 e6 5.g3 Be7 6.Bg2 Nbd7 7.Nbd2 O-O 8.O-O b6
9.b3 Ba6 10.Bb2 c5 11.Rac1 Rc8 12.Qb1 b5 13.cxd5 Nxd5 14.e4 N5f6 15.Rfd1 
Qb6 16.Nf1 Bb7 17.Ng5 h6 18.Nh3 Rfd8 19.d5 Nf8 20.Ne3 exd5 21.exd5 Ng6 22.
Be4 Nxe4 23.Qxe4 Bf6 24.Bxf6 Qxf6 25.Ng4 Qd6 26.Ne3 Re8 27.Qd3 a6 28.f4 
Qb6 29.Nf5 Red8 30.Nf2 Rxd5 31.Qb1 Rxd1+ 32.Rxd1 Qc6 33.Ne3 Qf3 34.Rd7 Bc6
35.Rxf7 Qxe3 36.Kf1 Re8 0-1

[Event "17th Africa-ch"]
[Site "Lagos NGR"]
[Date "2022.09.19"]
[Round "2"]
[White "Lapite, Oluwadurotimi"]
[Black "Mahamat, Hachim Bachar"]
[Result "1-0"]
[WhiteElo "2136"]
[BlackElo "1815"]
[EventDate "2022.09.18"]
[PlyCount "181"]

1.Nf3 Nc6 2.d4 d5 3.e3 Bf5 4.Bb5 a6 5.Bxc6+ bxc6 6.c4 Qd6 7.Qa4 f6 8.cxd5 
Qxd5 9.Nc3 Qd7 10.e4 Bg4 11.Nd2 e6 12.Nb3 e5 13.Be3 Bd6 14.dxe5 fxe5 15.
Nc5 Bxc5 16.Bxc5 Ne7 17.f3 Bh5 18.Rd1 Qe6 19.Nd5 Nxd5 20.exd5 Qf6 21.dxc6 
Rd8 22.Rxd8+ Qxd8 23.Qe4 Qf6 24.Qd5 Qf5 25.O-O Bf7 26.Qd2 Be6 27.Qc3 Kf7 
28.Rd1 Rb8 29.b3 h5 30.Bf2 Kg8 31.Bg3 Rb5 32.Re1 h4 33.Bxh4 e4 34.Rxe4 Rc5
35.Qe1 Rxc6 36.h3 Qg6 37.Kh2 Bf5 38.Re2 Bd3 39.Rd2 Re6 40.Qd1 Rd6 41.Bg3 
Rd7 42.Bxc7 a5 43.Bg3 Kh7 44.Qc1 Rd5 45.Qc3 Kg8 46.Qc8+ Kh7 47.Qc3 Kg8 48.
Bc7 Rg5 49.g4 Rd5 50.Be5 Kh7 51.Bg3 Kg8 52.a3 Kh7 53.Bc7 Qe6 54.Bg3 Kg8 
55.Bf2 Kh7 56.Kg1 Qd6 57.b4 axb4 58.axb4 Kg8 59.Qc8+ Kh7 60.Qc3 Kg8 61.f4 
Kh7 62.Be3 Qg6 63.Bd4 Be4 64.Be5 Bd3 65.Qc7 Kg8 66.Kf2 Kh7 67.Qxg7+ Qxg7 
68.Bxg7 Kxg7 69.Ke3 Bc4 70.Rxd5 Bxd5 71.Kd4 Bg2 72.b5 Bxh3 73.b6 Bg2 74.
Ke5 Kf7 75.Kd6 Kf6 76.Kc7 Bf3 77.b7 Bxb7 78.Kxb7 Ke6 79.Kc6 Kf6 80.Kd6 Kf7
81.g5 Kg6 82.Ke6 Kg7 83.f5 Kf8 84.g6 Kg7 85.Ke7 Kg8 86.f6 Kh8 87.f7 Kg7 
88.f8=Q+ Kxg6 89.Qf6+ Kh5 90.Qg7 Kh4 91.Kf6 1-0

[Event "17th Africa-ch"]
[Site "Lagos NGR"]
[Date "2022.09.19"]
[Round "2"]
[White "Fomevor, Cephas Clinton"]
[Black "De Gondo, Simplice Armel"]
[Result "0-1"]
[WhiteElo "1803"]
[BlackElo "2119"]
[EventDate "2022.09.18"]
[PlyCount "100"]

1.c4 c6 2.Nc3 d5 3.cxd5 cxd5 4.d4 Nc6 5.Nf3 Nf6 6.e3 e6 7.Bd3 Bd6 8.a3 O-O
9.O-O Bd7 10.b4 a5 11.b5 Na7 12.Bb2 Nc8 13.Rc1 Qe7 14.Qb3 Nb6 15.a4 Rfc8 
16.Ne5 Bxe5 17.dxe5 Ng4 18.Ne2 Qb4 19.Qxb4 axb4 20.h3 Nh6 21.Bd4 Nc4 22.
Bc2 b3 23.Bd3 Rxa4 24.b6 Rb4 25.Rfd1 b2 26.Rb1 Ba4 27.Re1 Nf5 28.Bc3 Rxb6 
29.Bxc4 dxc4 30.Rxb2 Rxb2 31.Bxb2 Bc6 32.Nd4 Nxd4 33.Bxd4 Be4 34.Rc1 b5 
35.Bc3 h5 36.h4 Rd8 37.Kf1 Kh7 38.g3 Bf3 39.Ke1 Rd3 40.Bd2 Rb3 41.Rc3 Rb2 
42.Rc1 Kg6 43.Bc3 Rb3 44.Bd4 Kf5 45.Kd2 Rd3+ 46.Kc2 b4 47.Kb2 Rd2+ 48.Ka1 
c3 49.Kb1 Ke4 50.Bc5 Kd3 0-1

[Event "17th Africa-ch"]
[Site "Lagos NGR"]
[Date "2022.09.19"]
[Round "2"]
[White "Emmanuel, Joy Idara"]
[Black "Wallace, O. Williams"]
[Result "1-0"]
[WhiteElo "2116"]
[BlackElo "1725"]
[EventDate "2022.09.18"]
[PlyCount "83"]

1.e4 e5 2.Nf3 Nc6 3.Bb5 d6 4.d4 Bd7 5.Nc3 Nxd4 6.Nxd4 exd4 7.Bxd7+ Qxd7 8.
Qxd4 Nf6 9.O-O Be7 10.b3 O-O 11.Bb2 Rfd8 12.Nd5 c6 13.Ne3 Ne8 14.Qd3 Bf6 
15.Bxf6 Nxf6 16.Rad1 Qe6 17.f3 Rd7 18.c4 Rad8 19.Rfe1 h6 20.Nf5 Qe5 21.Qd4
Qxd4+ 22.Rxd4 Ne8 23.Red1 Kh7 24.e5 d5 25.cxd5 Rxd5 26.Rxd5 Rxd5 27.Rxd5 
cxd5 28.Nd6 Nc7 29.Nxf7 Kg8 30.Nd6 b5 31.Kf2 Kf8 32.Ke3 Ke7 33.f4 Ke6 34.
Kd4 g6 35.g4 a6 36.f5+ gxf5 37.gxf5+ Ke7 38.Kc5 Kd7 39.Nf7 h5 40.Ng5 Ke7 
41.Nh3 h4 42.Nf4 1-0

[Event "17th Africa-ch"]
[Site "Lagos NGR"]
[Date "2022.09.19"]
[Round "2"]
[White "Egbe, Kossi Thierry"]
[Black "Etukakpan, Leonard"]
[Result "0-1"]
[WhiteElo "1695"]
[BlackElo "2113"]
[EventDate "2022.09.18"]
[PlyCount "45"]

1.e4 d5 2.exd5 Qxd5 3.Nc3 Qa5 4.Nf3 Nf6 5.Bc4 Bf5 6.O-O e6 7.Re1 Nbd7 8.d3
c6 9.Bd2 Qc7 10.Nd4 O-O-O 11.Nxf5 exf5 12.Qf3 Bd6 13.h3 f4 14.d4 g5 15.Ne4
Nxe4 16.Qxe4 h5 17.Qf5 g4 18.h4 f3 19.Bg5 Rdf8 20.Be7 Bh2+ 21.Kh1 g3 22.
Bxf8 gxf2 23.Re8+ 0-1

[Event "17th Africa-ch"]
[Site "Lagos NGR"]
[Date "2022.09.19"]
[Round "2"]
[White "Manyang, Peter Majur"]
[Black "Amega-Dzaka, Komi Nukunu"]
[Result "1-0"]
[WhiteElo "2111"]
[BlackElo "1621"]
[EventDate "2022.09.18"]
[PlyCount "60"]

1.e4 c5 2.Nf3 Nc6 3.d4 cxd4 4.Nxd4 Nf6 5.Nc3 e5 6.Ndb5 d6 7.Bg5 a6 8.Na3 
b5 9.Nd5 Be7 10.Nxe7 Nxe7 11.Bd3 Bb7 12.Qe2 Ng6 13.Bxf6 gxf6 14.O-O Nf4 
15.Qg4 h5 16.Qh4 Rg8 17.g3 Rg4 18.Qxg4 hxg4 19.gxf4 exf4 20.f3 Qd7 21.c3 
O-O-O 22.Rf2 gxf3 23.Rxf3 Qg4+ 24.Kf2 Rg8 25.Ke2 f5 26.h3 Qh5 27.Kf2 Qh4+ 
28.Ke2 fxe4 29.Bxe4 Bxe4 30.Rf2 Bd3+ 1-0

[Event "17th Africa-ch"]
[Site "Lagos NGR"]
[Date "2022.09.19"]
[Round "2"]
[White "Botsoe, Koffi"]
[Black "Onokpite, Kennedy"]
[Result "0-1"]
[WhiteElo "1629"]
[BlackElo "2095"]
[EventDate "2022.09.18"]
[PlyCount "72"]

1.d4 d6 2.e4 Nf6 3.Nc3 c6 4.Bg5 Qb6 5.Rb1 Nbd7 6.f4 h6 7.Bh4 e5 8.dxe5 
dxe5 9.f5 Bb4 10.Bd3 Bxc3+ 11.bxc3 Qa5 12.Ne2 Nc5 13.Bxf6 gxf6 14.O-O Bd7 
15.Qe1 Ke7 16.Qf2 Rag8 17.Rb4 Rg5 18.a4 Rhg8 19.g3 h5 20.Qe3 h4 21.Kg2 b6 
22.Rd1 Nxa4 23.Ra1 c5 24.Rb3 hxg3 25.hxg3 b5 26.c4 a6 27.c3 Qc7 28.Rba3 
Rh8 29.Bc2 Rgh5 30.Bb3 Rh2+ 31.Kf3 Bxf5 32.cxb5 axb5 33.Bxa4 bxa4 34.Rxa4 
Bd7 35.Ra7 Qc8 36.Ra8 Bg4# 0-1

[Event "17th Africa-ch"]
[Site "Lagos NGR"]
[Date "2022.09.19"]
[Round "2"]
[White "Onovughe, Ochuko Emmanuel"]
[Black "Kpan Deckalet, Mario Prosper"]
[Result "0-1"]
[WhiteElo "2087"]
[BlackElo "1591"]
[EventDate "2022.09.18"]
[PlyCount "72"]

1.Nf3 Nf6 2.d4 g6 3.c4 c6 4.g3 Bg7 5.Bg2 d5 6.O-O O-O 7.Nc3 dxc4 8.Ne5 Nd5
9.Nxc4 Nxc3 10.bxc3 Nd7 11.Qc2 Nf6 12.Rd1 Be6 13.Ne5 Nd7 14.Nd3 a5 15.Rb1 
Qc8 16.e4 Bg4 17.f3 Be6 18.Be3 Bc4 19.f4 e6 20.Nf2 b5 21.e5 Rd8 22.Ne4 Bf8
23.g4 Be7 24.g5 Bd5 25.Nf6+ Nxf6 26.gxf6 Bf8 27.Kh1 Qd7 28.Rg1 Bxg2+ 29.
Rxg2 Qd5 30.Rf1 Bh6 31.Kg1 Qc4 32.Rf3 b4 33.Rh3 Bf8 34.Qf2 Qd3 35.Qc2 Qxc3
36.Rhg3 Qe1# 0-1

[Event "17th Africa-ch"]
[Site "Lagos NGR"]
[Date "2022.09.19"]
[Round "2"]
[White "Amako, Marc Arnold"]
[Black "Ebosse, Kingue Victor Patrick"]
[Result "1-0"]
[WhiteElo "1555"]
[BlackElo "2075"]
[EventDate "2022.09.18"]
[PlyCount "111"]

1.e4 c5 2.d4 cxd4 3.c3 dxc3 4.Nxc3 Nc6 5.Nf3 d6 6.Bc4 e6 7.O-O Nf6 8.Qe2 
Be7 9.Rd1 e5 10.Be3 O-O 11.b4 Bg4 12.a3 Rc8 13.h3 Bxf3 14.gxf3 Nh5 15.Nd5 
Bg5 16.Kh2 Nd4 17.Bxd4 Nf4 18.Qf1 exd4 19.Rxd4 Nxd5 20.Rxd5 Bf4+ 21.Kh1 
Be5 22.Rad1 Qh4 23.Bd3 Rfe8 24.Bb5 Red8 25.Qg2 Rc2 26.R5d2 Rxd2 27.Rxd2 h5
28.Rc2 Kf8 29.Ba4 Qe7 30.Bb3 Bf4 31.Qf1 g5 32.Qc4 g4 33.Qc7 Rd7 34.Qc8+ 
Kg7 35.Ba4 Rd8 36.Qf5 Bg5 37.f4 Bh6 38.Bb3 Rf8 39.hxg4 Qh4+ 40.Kg2 hxg4 
41.Rc7 Qf6 42.Qxf6+ Kxf6 43.Kg3 Re8 44.Rxf7+ Kg6 45.f3 gxf3 46.Kxf3 Rc8 
47.Kg4 Bg7 48.Rxb7 Rc3 49.Bf7+ Kh6 50.Rxa7 Bd4 51.Ra6 Kg7 52.Bd5 Bf2 53.b5
Bc5 54.b6 Rc1 55.b7 Rb1 56.Ra8 1-0

[Event "17th Africa-ch"]
[Site "Lagos NGR"]
[Date "2022.09.20"]
[Round "3"]
[White "Ortega, Amarelle Mariano"]
[Black "Amin, Bassem"]
[Result "1/2-1/2"]
[WhiteElo "2474"]
[BlackElo "2663"]
[EventDate "2022.09.18"]
[PlyCount "116"]

1.e4 e5 2.Nf3 Nc6 3.Nc3 Nf6 4.d4 exd4 5.Nxd4 Bb4 6.Nxc6 bxc6 7.Bd3 d5 8.
Bd2 O-O 9.O-O Rb8 10.Re1 Re8 11.exd5 Rxe1+ 12.Qxe1 cxd5 13.b3 c6 14.h3 Bd6
15.Be3 Qe7 16.Bd4 Be6 17.Be5 Rd8 18.Bxd6 Qxd6 19.Na4 c5 20.Qa5 c4 21.Bf1 
cxb3 22.axb3 Rc8 23.Bd3 Qc7 24.Qb4 Nd7 25.f4 g6 26.Qd4 Nb8 27.Qf6 Nc6 28.
c3 d4 29.Nc5 Re8 30.cxd4 Nb4 31.Bb5 Re7 32.Bc4 Bd5 33.Na6 Nxa6 34.Bxd5 Nb4
35.Bc4 Nc2 36.Rc1 Ne3 37.d5 Nf5 38.Rf1 Re4 39.Qc6 Qb8 40.Bd3 Rxf4 41.Rxf4 
Qxf4 42.Bxf5 Qe3+ 43.Kf1 gxf5 44.d6 Qd3+ 45.Ke1 Qe3+ 46.Kf1 Qd3+ 47.Kf2 
Kf8 48.Qc5 Kg7 49.Qe5+ Kg6 50.b4 Qd2+ 51.Kg3 Qxb4 52.d7 Qd2 53.Qe7 Qc3+ 
54.Kf2 Qd2+ 55.Kg1 Qc1+ 56.Kf2 Qd2+ 57.Kg3 Qc3+ 58.Kf2 Qd2+ 1/2-1/2

[Event "17th Africa-ch"]
[Site "Lagos NGR"]
[Date "2022.09.20"]
[Round "3"]
[White "Adly, Ahmed"]
[Black "Silva, David"]
[Result "1-0"]
[WhiteElo "2578"]
[BlackElo "2315"]
[EventDate "2022.09.18"]
[PlyCount "35"]

1.d4 d5 2.Nf3 Nf6 3.c4 dxc4 4.Nc3 e6 5.e4 c5 6.d5 exd5 7.e5 d4 8.Bxc4 dxc3
9.Bxf7+ Ke7 10.exf6+ gxf6 11.Bd5 cxb2 12.Bxb2 Qa5+ 13.Nd2 Bh6 14.Qe2+ Kd7 
15.O-O-O Nc6 16.Kb1 Nd4 17.Bxd4 cxd4 18.Qe6+ 1-0

[Event "17th Africa-ch"]
[Site "Lagos NGR"]
[Date "2022.09.20"]
[Round "3"]
[White "Rakotomaharo, Fy Antenaina"]
[Black "Gong, Thon Gong"]
[Result "1/2-1/2"]
[WhiteElo "2492"]
[BlackElo "2166"]
[EventDate "2022.09.18"]
[PlyCount "147"]

1.d4 Nf6 2.Nc3 d5 3.Bf4 a6 4.e3 Bf5 5.Nf3 e6 6.Ne5 Nbd7 7.g4 Nxe5 8.gxf5 
Nc6 9.fxe6 fxe6 10.Rg1 Qd7 11.Bh3 O-O-O 12.a3 Na5 13.b3 Kb8 14.Be5 Bd6 15.
f4 Qe7 16.Ke2 g6 17.Qe1 b6 18.Qh4 Rhf8 19.Nd1 Rde8 20.Nf2 Bxe5 21.dxe5 Nd7
22.Qxe7 Rxe7 23.Nd3 c5 24.Ne1 Nc6 25.Nf3 Kc7 26.Bg4 b5 27.h4 d4 28.Ng5 
dxe3 29.c3 Rxf4 30.Nxe6+ Rxe6 31.Bxe6 Ndxe5 32.h5 Kd6 33.Bg8 Rf2+ 34.Kxe3 
Rf3+ 35.Ke4 Rxc3 36.Rad1+ Ke7 37.h6 Nd7 38.Kd5 Nd4 39.Rde1+ Kf8 40.Rgf1+ 
Nf3 41.Be6 Nf6+ 42.Kd6 Rd3+ 43.Kxc5 Nxe1 44.Rxe1 g5 45.Kb6 Rd6+ 46.Ka5 Rc6
47.Bf5 Kf7 48.b4 g4 49.Re3 Nd5 50.Rd3 Nf6 51.Re3 Kf8 52.a4 bxa4 53.Kxa4 
Kf7 54.Ka5 Kf8 55.Re1 Kf7 56.Bd3 Rd6 57.Bxa6 Kg6 58.b5 Kxh6 59.Bc8 Nd7 60.
b6 Nxb6 61.Bxg4 Kg5 62.Bf3 Nc4+ 63.Kb4 Nd2 64.Bg2 Kf4 65.Rh1 h6 66.Kc5 Rg6
67.Bd5 Ne4+ 68.Kd4 Ng3 69.Rh4+ Rg4 70.Rxg4+ Kxg4 71.Ke3 h5 72.Bf3+ Kg5 73.
Bxh5 Nxh5 74.Ke4 1/2-1/2

[Event "17th Africa-ch"]
[Site "Lagos NGR"]
[Date "2022.09.20"]
[Round "3"]
[White "Okemakinde, Toluwanimi"]
[Black "Hesham, Abdelrahman"]
[Result "0-1"]
[WhiteElo "2083"]
[BlackElo "2374"]
[EventDate "2022.09.18"]
[PlyCount "80"]

1.e4 c5 2.Nf3 d6 3.d4 cxd4 4.Bb5+ Bd7 5.Bxd7+ Qxd7 6.Qxd4 Nc6 7.Qd3 g6 8.
O-O Bg7 9.c4 Rc8 10.Na3 Nf6 11.h3 a6 12.Bd2 O-O 13.Rac1 Rfd8 14.b3 Ne5 15.
Qe2 Nxf3+ 16.Qxf3 Qe6 17.Rfe1 Nd7 18.e5 dxe5 19.Bb4 b6 20.Rcd1 f5 21.Qd5 
Kf7 22.Nc2 e4 23.Qxe6+ Kxe6 24.f3 Nf6 25.Rxd8 Rxd8 26.Bc3 Kf7 27.Bxf6 Bxf6
28.fxe4 Rd2 29.Ne3 f4 30.Nd5 Bd4+ 31.Kh1 g5 32.e5 e6 33.Nf6 h6 34.Ng4 Kg6 
35.a3 Rd3 36.b4 h5 37.Nh2 Rxa3 38.Nf3 Be3 39.Rd1 g4 40.hxg4 hxg4 0-1

[Event "17th Africa-ch"]
[Site "Lagos NGR"]
[Date "2022.09.20"]
[Round "3"]
[White "Phiri, Richmond"]
[Black "Kigigha, Bomo Lovet"]
[Result "0-1"]
[WhiteElo "2351"]
[BlackElo "2196"]
[EventDate "2022.09.18"]
[PlyCount "94"]

1.d4 d5 2.Nf3 e6 3.c4 Nf6 4.Nc3 dxc4 5.e3 a6 6.Bxc4 b5 7.Bb3 Bb7 8.O-O c5 
9.Qe2 Nbd7 10.Rd1 Qb6 11.d5 e5 12.e4 c4 13.Bc2 Bc5 14.Bg5 h6 15.Bd2 Ng4 
16.Be1 h5 17.b3 cxb3 18.Bxb3 Rc8 19.Rac1 O-O 20.h3 Ngf6 21.Nh4 g6 22.Nb1 
Kh7 23.Rc3 Qd6 24.Rg3 Ne8 25.Nd2 Ng7 26.Ndf3 Nf6 27.Ng5+ Kg8 28.Bc3 Rfe8 
29.Rdd3 Rc7 30.Rdf3 Bd4 31.Bd2 Nh7 32.Ne6 Nxe6 33.dxe6 Rxe6 34.Nf5 Qb6 35.
Nxd4 exd4 36.Bxe6 Qxe6 37.Rd3 Qxa2 38.Kh2 Qc4 39.f4 h4 40.Rgf3 Re7 41.Qf2 
Rxe4 42.Qxh4 Re2 43.Qd8+ Nf8 44.Rg3 Qxd3 45.Bb4 Qf5 46.Qxf8+ Kh7 47.Bd6 
Qd5 0-1

[Event "17th Africa-ch"]
[Site "Lagos NGR"]
[Date "2022.09.20"]
[Round "3"]
[White "Beukes, Dante M."]
[Black "Mulenga, Prince Daniel"]
[Result "1/2-1/2"]
[WhiteElo "2295"]
[BlackElo "2171"]
[EventDate "2022.09.18"]
[PlyCount "61"]

1.e4 e5 2.Nf3 Nc6 3.Bb5 a6 4.Ba4 Nf6 5.O-O Be7 6.d3 b5 7.Bb3 d6 8.Bd2 O-O 
9.Re1 Bg4 10.c3 Na5 11.Bc2 c5 12.a4 Qc7 13.h3 Bd7 14.b4 Nc6 15.axb5 axb5 
16.Na3 Qb7 17.Bb3 cxb4 18.cxb4 Nd8 19.Nc2 Rxa1 20.Qxa1 Be6 21.Qb2 Bxb3 22.
Qxb3 Ne6 23.Ne3 g6 24.Nc2 Rc8 25.Ng5 Qd7 26.Nxe6 Qxe6 27.Qxe6 fxe6 28.Na3 
Rb8 29.Bg5 Kf7 30.f3 Nh5 31.Bd2 1/2-1/2

[Event "17th Africa-ch"]
[Site "Lagos NGR"]
[Date "2022.09.20"]
[Round "3"]
[White "Kabwe, Timothy"]
[Black "Adebayo, Adegboyega Joel"]
[Result "1/2-1/2"]
[WhiteElo "2206"]
[BlackElo "2267"]
[EventDate "2022.09.18"]
[PlyCount "64"]

1.d4 Nf6 2.Nf3 c6 3.Bf4 Qb6 4.b3 d6 5.e3 Nh5 6.Bg3 Nxg3 7.hxg3 g6 8.Nbd2 
Bg7 9.Bc4 d5 10.Bd3 c5 11.c3 Nc6 12.O-O O-O 13.Rc1 Bg4 14.Be2 Rad8 15.a3 
a5 16.dxc5 Qxc5 17.b4 Qb6 18.b5 Bxf3 19.gxf3 Ne5 20.Qa4 Nd7 21.Nb3 Nc5 22.
Nxc5 Qxc5 23.Qxa5 Ra8 24.Qb4 Rfc8 25.c4 d4 26.Qxc5 Rc7 27.Qc6 Rxc6 28.exd4
Rc5 29.Rfd1 Bxd4 30.f4 e5 31.a4 Rxa4 32.fxe5 Ra3 1/2-1/2